000 00259nam a2200109Ia 4500
008 200302s9999 xx 000 0 und d
100 _aNiasa
245 _aArchiving 10 Architectural Thesis
260 _bCouncil of Architecture
260 _c2011
300 _a163
999 _c3681
_d3681